| 000 | 01328nam0a22002771 4500 | ||
|---|---|---|---|
| 001 | rc\648904 | ||
| 005 | 20240711144613.0 | ||
| 035 | _a(NLR Aleph) 005889234 | ||
| 090 |
_a6159845 _c6159845 |
||
| 100 | _a20031121d1986 u |0rusy50 ca | ||
| 101 | 0 | _arus | |
| 102 | _aRU | ||
| 105 | _aa ||||||||| | ||
| 200 | 1 |
_aСтатистический подход к оценке механических свойств волокнистых материалов _f[Сост. А.С. Андреев и др.] |
|
| 210 |
_aМ. _cНИИТЭхнм _d1986 |
||
| 215 |
_a35, [2] с. _cил. _d20 |
||
| 225 | 1 |
_aХимическая промышленность _eОбзор. информ. _fМ-во хим. пром-сти, НИИ техн.-экон. исслед. _iСерия "Промышленность химических волокон" |
|
| 320 | _aБиблиогр.: с. 31-36 (81 назв.) | ||
| 702 | 1 |
_aАндреев _bА. С. _cхимик, волокнистые материалы _gАлександр Сергеевич _3RU\NLR\AUTH\770270107 _4220 |
|
| 712 | 0 | 2 |
_aНИИ техн.-экон. исследований М-ва хим. промышленности СССР _3RU\NLR\AUTH\8813349 |
| 801 | 0 |
_aRU _bNLR _gpsbo |
|
| 801 | 1 |
_aRU _bELAR _2rusmarc |
|
| 852 |
_aNLR _j87-4/2280 |
||
| 942 | _cBOOK | ||
| 980 | _aNB | ||